000 00721nam a2200205Ia 4500
001 1160
003 GE_BSU
008 181216s||||||||xx |||||||||||||| ||und||
040 _cGE_BSU
080 _a744
245 _aგეგმილური ხაზვა.
245 _bკურსის საცნობარო მასალა და სკონტროლო დავალებები მეთოდური მითითებებით.
260 _aთბილისი
260 _bსაქ.სას–სამ. ინ–ტი
260 _c1978
300 _a92 გვ. 19 სმ.
541 _h4 ლ.
653 _aგეგმილური ხაზვა
942 _cBK
999 _c35309
_d35309